| 000 | 01514cam a2200337 i 4500 | ||
|---|---|---|---|
| 999 |
_c7301 _d7301 |
||
| 001 | 27973530 | ||
| 003 | OCoLC | ||
| 005 | 20190207114320.0 | ||
| 008 | 930331s1993 miuab f 001 0 eng | ||
| 010 | _a93008006 | ||
| 020 | _a0310400317 (pbk.) | ||
| 040 |
_aDLC _cDLC _dOCL |
||
| 050 | 0 | 0 |
_aBV4811 _b.J596 1993 |
| 082 | 0 | 0 |
_a266 _220 _bJ73O |
| 100 | 1 |
_aJohnstone, Patrick J. St. G. _0http://id.loc.gov/authorities/names/n87843869 |
|
| 245 | 1 | 0 |
_aOperation world : _ba day-by-day guide to praying for the world / _cPatrick Johnstone. |
| 260 |
_aGrand Rapids, Mich. : _bZondervan Pub. House, _cc1993. |
||
| 264 | 1 |
_aGrand Rapids, Mich. : _bZondervan Pub. House, _c[1993] |
|
| 264 | 4 | _c©1993 | |
| 300 |
_av, 662 p. : _bill., maps ; _c23 cm. |
||
| 336 |
_atext _btxt _2rdacontent |
||
| 337 |
_aunmediated _bn _2rdamedia |
||
| 338 |
_avolume _bnc _2rdacarrier |
||
| 500 | _aIncludes index. | ||
| 650 | 0 |
_aDevotional calendars. _0http://id.loc.gov/authorities/subjects/sh85037395 |
|
| 650 | 0 |
_aReligions _vHandbooks, manuals, etc. _0http://id.loc.gov/authorities/subjects/sh2010110691 |
|
| 650 | 0 |
_aChristian sects _0http://id.loc.gov/authorities/subjects/sh85025193 _vHandbooks, manuals, etc. _0http://id.loc.gov/authorities/subjects/sh99001300 |
|
| 650 | 0 |
_aGeography _0http://id.loc.gov/authorities/subjects/sh85053986 _vHandbooks, manuals, etc. _0http://id.loc.gov/authorities/subjects/sh99001300 |
|
| 655 | 7 |
_aHandbooks and manuals. _2lcgft _0http://id.loc.gov/authorities/genreForms/gf2014026109 |
|
| 942 |
_2ddc _cBK |
||